000 00606nam a2200181 a 4500
001 BRCA_1292
005 20190320203349.0
008 300508s1993----po-a---###---#000-0#por-#
050 4 _aNK2603
_b.F96 1993
245 1 0 _aFundacao Ricardo Do Espirito Santo Silva.
260 _aLisboa
_bLa Fundación
_c1993
300 _a3 hojas
_bil. a color, 69 láminas
_c30 cm.
500 _aEstado físico: encuadernado, enero 2013
546 _aTexto en : portugués, inglés y francés
600 1 4 _aEspirito Santo Silva, Ricardo Do
_94233
650 1 4 _aMuebles
_xColecciones privadas
_zPortugal
_94234
942 _2lcc
_cB
999 _c1159
_d1159